| 000 | 00598nam a2200181Ia 4500 | ||
|---|---|---|---|
| 005 | 20250423095312.0 | ||
| 008 | 250422s9999 xx 000 0 und d | ||
| 020 | _a9781802209396 | ||
| 050 | _aHC 240 .E85/ | ||
| 100 | _aEdited by Nicola Francesco Dotti; Ida MusiaĆkowska;Sonia De Gregorio Hurtado;Julia Walczyk | ||
| 245 | 0 | _aEU cohesion policy | |
| 260 | _aCheltenham | ||
| 260 | _bEdward Elgar Publishing | ||
| 260 | _c2024 | ||
| 300 | _a356 p | ||
| 650 | _aRegional planning--European Union countries. European Union countries--Economic conditions--Regional disparities. | ||
| 942 | _cBK | ||
| 999 |
_c29859 _d29859 |
||